| 000 | 00356nam a2200133Ia 4500 | ||
|---|---|---|---|
| 008 | 150128s9999 xx 000 0 und d | ||
| 050 |
_aCLA _bSp13 1999 |
||
| 100 | _aSparks, Nicholas. | ||
| 245 | 2 | _aA walk to remember / | |
| 250 | _aNicholas Sparks. | ||
| 260 |
_aNew York: _bWarner Books, _c1999. |
||
| 300 |
_a240 pages : _c18 cm. |
||
| 650 | _xFiction. | ||
| 999 |
_c278879 _d278879 |
||